Films by Director #2 – Click Quiz - Statistics

General Stats
  • This quiz has been taken 248 times
    201 since last reset
  • The average score is 31 of 38
Answer Stats
Hint Answer % Correct
Psycho Alfred Hitchcock
95%
Vertigo Alfred Hitchcock
94%
Edward Scissorhands Tim Burton
94%
The Birds Alfred Hitchcock
93%
Alice in Wonderland Tim Burton
91%
Corpse Bride Tim Burton
91%
Braveheart Mel Gibson
90%
Fight Club David Fincher
89%
The Social Network David Fincher
89%
Princess Mononoke Hiyao Miyazaki
89%
My Neighbor Totoro Hiyao Miyazaki
89%
Spirited Away Hiyao Miyazaki
88%
The Great Dictator Charlie Chaplin
87%
Charlie and the Chocolate Factory Tim Burton
87%
Rear Window Alfred Hitchcock
86%
Seven David Fincher
85%
City Lights Charlie Chaplin
84%
Modern Times Charlie Chaplin
83%
Saw James Wan
83%
The Passion of the Christ Mel Gibson
83%
Gone Girl David Fincher
82%
Howl's Moving Castle Hiyao Miyazaki
82%
North by Northwest Alfred Hitchcock
81%
The Conjuring James Wan
81%
A.I. Artificial Intelligence Steven Spielberg
80%
The Terminal Steven Spielberg
80%
Aquaman James Wan
77%
Batman Tim Burton
75%
Munich Steven Spielberg
74%
Furious 7 James Wan
73%
Lincoln Steven Spielberg
73%
The Curious Case of Benjamin Button David Fincher
72%
Rebecca Alfred Hitchcock
70%
Apocalypto Mel Gibson
70%
The Gold Rush Charlie Chaplin
69%
The Kid Charlie Chaplin
68%
Bridge of Spies Steven Spielberg
67%
Hacksaw Ridge Mel Gibson
58%
No matching quizzes found
Score Distribution
Percent of People with Each Score
Percentile by Number Answered
Your Score History
You have not taken this quiz since the last reset